Daňová správa a správa daní u nás

Aktuálne otázky organizačno-právnej základne správy daní na Slovensku. Definícia pojmu daň. Správne poplatky. Orgány daňovej správy. Pokrač.

Enregistré dans:
Détails bibliographiques
Auteur principal: Vernarský, Martin
Format: Chapitre de livre
Langue:slovaque
Sujets:
Tags: Ajouter un tag
Pas de tags, Soyez le premier à ajouter un tag!

MARC

LEADER 00000naa$a2200000$$$4500
001 0018872
005 20231016083628.2
041 0 |a slo 
044 |a SK 
245 1 0 |a Daňová správa a správa daní u nás  |c Martin Vernarský 
520 |a Aktuálne otázky organizačno-právnej základne správy daní na Slovensku. Definícia pojmu daň. Správne poplatky. Orgány daňovej správy. Pokrač. 
610 2 0 |a dane 
610 2 0 |a správa daňová 
610 2 0 |a poplatky správne 
610 2 0 |a predpisy právne 
610 2 0 |a Slovensko 
100 1 |a Vernarský, Martin